| 000 | 00453nam a2200193Ia 4500 | ||
|---|---|---|---|
| 005 | 20240823045749.0 | ||
| 008 | 240823s9999||||xx |||||||||||||| ||und|| | ||
| 020 | _a978-81-7371-035-3 | ||
| 041 | _aENGLISH | ||
| 082 | _A532.01092 Q2 | ||
| 100 | _aVenkata Raman | ||
| 245 | 0 | _aChandrasekhar and His Limit | |
| 250 | _a1st | ||
| 260 |
_c2012 _bUniversities Press |
||
| 500 | _aYES | ||
| 650 |
_aGeneral _bGeneral |
||
| 942 | _cBK | ||
| 999 |
_c215708 _d215708 |
||